| 000 | 00412nam a2200169Ia 4500 | ||
|---|---|---|---|
| 005 | 20250423095332.0 | ||
| 008 | 250422s9999 xx 000 0 und d | ||
| 020 | _a0- 205- 12887- 4 | ||
| 050 | _aRC488.5.N53/ | ||
| 100 | _aMichael P. Nichols | ||
| 245 | 0 | _aFamily therapy: concepts and methods | |
| 260 | _bAllyn and Bacon | ||
| 260 | _c1991 | ||
| 300 | _a610 p | ||
| 650 | _aFamily therapy | ||
| 942 | _cBK | ||
| 999 |
_c29964 _d29964 |
||